000 00340 a2200169 4500
001 187132
020 _a85-349-2154-7
040 _cMagnum
100 _aJose, Elias
240 1 0 _aDias de susto
_lpor
245 1 0 _aDias de susto
300 _a155
362 0 _a2006
440 1 _aPaulus
697 _aLITERATURA JUVENIL
942 _cBK
999 _c187132
_d187132